• 首页
  • 本馆介绍
  • 公告通知
  • 最新文献
  • 馆藏检索
  • 电子资源
  • 读者导购
  • 参考咨询
  • 我的图书馆
  • 登录
  • 详细信息显示
  • 放入我的书架
  • 预约/预借图书
  • 作者相关作品
  • 分类相关作品
  • 丛书相关作品
  • 出版社相关作品

书目信息

  • 表格格式
  • 工作单格式
  • 卡片格式
题名:
物理测量基础
    
 
作者: ZEBROWSKI 著 ;邓长吉 译
分册:  
出版信息: 北京   高等教育出版社  1988.6
页数: 293页
开本: 21cm
丛书名:
单 册:
中图分类: O4-34
科图分类:
主题词: 物理学
电子资源:
ISBN: 7-04-001119-0
000 00604nam0 2200205 45
001 0405210827
005 20040706174653.0
010    @a7-04-001119-0@dCNY3.50
100    @a20040521d1988 km y0chiy0120 ea
101 0  @achi@ceng
105    @a z 000yy
200 1  @a物理测量基础@AWu Li Ce Liang Ji Chu@f(美)ZEBROWSKI著@F(Mei)ZEBROWSKI Zhu@g邓长吉译
210    @a北京@c高等教育出版社@d1988.6
215    @a293页@c插图:表格@d21cm
606 0  @a物理学
690    @aO4-34@v3
701  0 @aZEBROWSKI@4著
702  0 @a邓长吉@ADeng Chang Ji@4译
801    @aCN@bPftUser@c20040521
905    @dO4-34@e211@f1@b225886
    
    物理测量基础/(美)ZEBROWSKI著/邓长吉译.-北京:高等教育出版社,1988.6
    293页:插图:表格;21cm
    
    
    ISBN 7-04-001119-0:CNY3.50
    
●
相关链接 在E读中查询图书 在五车中查询图书 在当当中查询图书 在豆瓣中查询图书


正题名:物理测量基础     索取号:O4-34/211         预约/预借

序号 登录号 条形码 馆藏地/架位号 状态 备注
1 0225885   000396324   第三借阅区/ [索取号:O4-34/211] 在馆    
2 0225886   001952239   第三借阅区/ [索取号:O4-34/211] 在馆    
3 0225887   000396333   第二样本阅览室/ [索取号:O4-34/211] 在馆    
唐山师范学院图书馆 欢迎您!
大连网信软件有限公司© 版权所有